The elements of physics ; a college text-book /

Bibliographic Details
Main Author: Nichols, E. L. (Edward Leamington), 1854-1937
Other Authors: Franklin, William S. (William Suddards), 1863-1930
Format: Book
Language:English
Published: New York : London : The Macmillan company; Macmillan & co. ltd., 1903-04.
Subjects:

MARC

Tag First Indicator Second Indicator Subfields
LEADER 00000cam a2200000 4500
001 in00000049295
005 20151007065745.0
008 800528m19031904nyua 00010 enge
010 |a  04004354  
035 |a (OCoLC)06366660 
035 |9 AAE2617AM 
040 |a DLC  |c TXA  |d TXA  |d UtOrBLW 
049 |a TXAM  |v 2 [102783]  |v 3 [14432] 
050 0 |a QC21  |b .N64 
092 |a 530  |b N617e 
100 1 |a Nichols, E. L.  |q (Edward Leamington),  |d 1854-1937. 
245 1 4 |a The elements of physics ;  |b a college text-book /  |c by Edward L. Nichols and William S. Franklin ... 
264 1 |a New York :  |b The Macmillan company;  |a London :  |b Macmillan & co. ltd.,  |c 1903-04. 
300 |a 3 volumes :  |b illustrations, diagrams ;  |c 23 cm. 
336 |a text  |b txt  |2 rdacontent 
337 |a unmediated  |b n  |2 rdamedia 
338 |a volume  |b nc  |2 rdacarrier 
505 0 |a v. 1. Mechanics and heat. 3d ed., rewritten with additions. 1904.--v. 2. Electricity and magnetism.--v. 3. Light and sound. New ed., rev. and rewritten. 1903. 
650 0 |a Physics. 
700 1 |a Franklin, William S.  |q (William Suddards),  |d 1863-1930. 
999 |a MARS 
999 f f |s 475fbb12-59cd-3742-aed3-34f2dd070933  |i c9867a83-2692-3367-a0b8-4ae23bfcb1fc  |t 0 
952 f f |p ric  |a Texas A&M University  |b Rellis Campus  |c Joint Library Facility  |d Remote Storage  |t 0  |e QC21 .N64  |h Library of Congress classification  |i unmediated -- volume  |k v.3  |m A14800906570 
952 f f |p ric  |a Texas A&M University  |b Rellis Campus  |c Joint Library Facility  |d Remote Storage  |t 0  |e QC21 .N64  |h Library of Congress classification  |i unmediated -- volume  |k v.2  |m A14800906562 
998 f f |a QC21 .N64  |s v.2-3  |t 0  |l Remote Storage